All 10k+ Cities in Luxembourg - Statistics

General Stats
  • This quiz has been taken 78 times
  • The average score is 7 of 13
Answers on the Map
Answers color-coded by a green-red scale on the quiz's map according to % correct below.
 
Answer Stats
Canton Population Answer % Correct
Luxembourg 134,697 Luxembourg
100%
Esch-sur-Alzette 37,455 Esch-sur-Alzette
83%
Mersch 10,519 Mersch
70%
Esch-sur-Alzette 22,043 Dudelange
68%
Esch-sur-Alzette 30,364 Differdange
57%
Esch-sur-Alzette 11,521 Bettembourg
49%
Esch-sur-Alzette 20,903 Pétange
49%
Luxembourg 10,594 Strassen
47%
Capellen 11,055 Mamer
40%
Luxembourg 16,836 Hesperange
38%
Capellen 11,159 Käerjeng
34%
Esch-sur-Alzette 11,517 Schifflange
34%
Esch-sur-Alzette 18,532 Sanem
30%
No matching quizzes found
Score Distribution
Percent of People with Each Score
Percentile by Number Answered
Your Score History
You have not taken this quiz